[Event "76. Campeonato de Alemania"]
[Site "Altenkirchen GER"]
[Date "2005.02.19"]
[Round "2.5"]
[White "Baramidze, David"]
[Black "Wisnewski, Christoph"]
[Result "1-0"]
[WhiteElo "2550"]
[BlackElo "2401"]
[PlyCount "117"]
[EventDate "2005.02.18"]
[EventType "swiss"]
[EventRounds "9"]
[EventCountry "GER"]
[Source "lmi"]
[SourceDate "2005.02.23"]

1. e4 c5 2. Nf3 e6 3. d4 cxd4 4. Nxd4 Bc5 5. Nb3 Bb6 6. Nc3 Ne7 7. Bd3 O-O 8.
Qe2 Nbc6 9. Be3 f5 10. Bxb6 Qxb6 11. O-O-O a5 12. Nd2 Ne5 13. exf5 Nxd3+ 14.
Qxd3 Rxf5 15. f3 d5 16. Rhe1 Nc6 17. a3 Bd7 18. Nb3 a4 19. Nd4 Ne5 20. Rxe5
Rxe5 21. f4 Rh5 22. Nf3 Qc7 23. Ne2 Rc8 24. c3 Rf5 25. g3 Be8 26. Ned4 Rf6 27.
Re1 Bg6 28. Qb5 Be8 29. Qb4 Bd7 30. Ne5 Re8 31. h4 Rff8 32. Kd2 b5 33. Ke3 g6
34. Kd2 Kg7 35. Re2 h6 36. Nef3 Rf7 37. Ne5 Rff8 38. Ndf3 Kh7 39. h5 gxh5 40.
Qd4 Bc8 41. Rh2 Qg7 42. Qd3+ Kg8 43. Nd4 Rf6 44. Rxh5 Kh8 45. g4 Kg8 46. Ne2
Ref8 47. g5 Rxf4 48. gxh6 Qg2 49. h7+ Kg7 50. h8=Q+ Rxh8 51. Rxh8 Kxh8 52. Ng6+
Kg7 53. Ngxf4 Qf1 54. Qd4+ Kf7 55. Qh8 Bd7 56. Qh7+ Ke8 57. Ng6 Kd8 58. Ne5 Be8
59. Qh4+ 1-0

[Event "76. Campeonato de Alemania"]
[Site "Altenkirchen GER"]
[Date "2005.02.19"]
[Round "2.6"]
[White "Luther, Thomas"]
[Black "Scherer, Max"]
[Result "1-0"]
[WhiteElo "2543"]
[BlackElo "2325"]
[PlyCount "75"]
[EventDate "2005.02.18"]
[EventType "swiss"]
[EventRounds "9"]
[EventCountry "GER"]
[Source "lmi"]
[SourceDate "2005.02.23"]

1. e4 e6 2. d4 b6 3. Bd3 Bb7 4. Ne2 c5 5. c3 Nf6 6. Nd2 Nc6 7. O-O Qc7 8. a3 h5
9. Nf3 d6 10. Bg5 Be7 11. Qa4 a6 12. Rfe1 b5 13. Qd1 c4 14. Bc2 a5 15. d5 exd5
16. exd5 Nxd5 17. Qxd5 Ne5 18. Qd2 Bxf3 19. Nd4 Bg4 20. Bxe7 Qxe7 21. f4 O-O-O
22. fxe5 dxe5 23. Qe3 Rd5 24. Be4 Rc5 25. b4 cxb3 26. Nxb3 Rc7 27. Nxa5 Rh6 28.
Rab1 Bd7 29. c4 Ra6 30. Bb7+ Rxb7 31. Nxb7 Kxb7 32. Qxe5 Qxa3 33. Qd5+ Kc7 34.
cxb5 Rd6 35. Rbc1+ Kb6 36. Qc4 Bxb5 37. Qc7+ Ka6 38. Ra1 1-0

[Event "76. Campeonato de Alemania"]
[Site "Altenkirchen GER"]
[Date "2005.02.19"]
[Round "2.8"]
[White "Bastian, Herbert"]
[Black "Bischoff, Klaus"]
[Result "0-1"]
[WhiteElo "2400"]
[BlackElo "2555"]
[PlyCount "58"]
[EventDate "2005.02.18"]
[EventType "swiss"]
[EventRounds "9"]
[EventCountry "GER"]
[Source "lmi"]
[SourceDate "2005.02.23"]

1. e4 e6 2. d4 d5 3. e5 c5 4. c3 Nc6 5. Nf3 Bd7 6. dxc5 Bxc5 7. Bd3 Nge7 8. Qe2
Bb6 9. Na3 a6 10. Bf4 h6 11. h4 Qb8 12. Nc2 f5 13. O-O-O Qa7 14. Be3 Bxe3+ 15.
Nxe3 O-O-O 16. Nc2 Kb8 17. Nfd4 g5 18. Kb1 Qb6 19. Qe3 f4 20. Nxc6+ Qxc6 21.
Qe2 Qc7 22. Nd4 Nc6 23. Rhe1 Nxd4 24. cxd4 Qb6 25. Qg4 Rc8 26. hxg5 hxg5 27.
Qxg5 Ba4 28. Rd2 Qxd4 29. g3 Bc2+ 0-1

[Event "76. Campeonato de Alemania"]
[Site "Altenkirchen GER"]
[Date "2005.02.19"]
[Round "2.9"]
[White "Khenkin, Igor"]
[Black "Namyslo, Holger"]
[Result "1-0"]
[WhiteElo "2604"]
[BlackElo "2314"]
[PlyCount "161"]
[EventDate "2005.02.18"]
[EventType "swiss"]
[EventRounds "9"]
[EventCountry "GER"]
[Source "lmi"]
[SourceDate "2005.02.23"]

1. d4 d5 2. c4 e6 3. Nf3 Nf6 4. Nc3 c6 5. Bg5 Nbd7 6. cxd5 exd5 7. Qc2 Be7 8.
e3 O-O 9. Bd3 Re8 10. h3 Nf8 11. O-O g6 12. Rab1 Ne6 13. Bh4 Ng7 14. b4 a6 15.
a4 Bf5 16. Bxf6 Bxf6 17. b5 axb5 18. axb5 Bxd3 19. Qxd3 Ra3 20. bxc6 bxc6 21.
Qc2 Qa8 22. Qb2 Ne6 23. Ra1 Ra6 24. Rxa6 Qxa6 25. Ra1 Qc8 26. Qb6 Re7 27. Rc1
Qa8 28. Ne2 Rc7 29. g4 Rc8 30. Kg2 Bd8 31. Qb4 Qa7 32. Qb3 Bf6 33. Rc2 Kg7 34.
Nc1 h5 35. gxh5 gxh5 36. Qd3 Rg8 37. Qf5 Kf8+ 38. Kf1 Qa6+ 39. Qd3 Qa4 40. Qb3
Qa6+ 41. Qd3 Qa4 42. Ra2 Qb4 43. Qb3 Qd6 44. Nd3 Kg7 45. Ra7 c5 46. dxc5 Nxc5
47. Qb4 Ne4 48. Qxd6 Nxd6 49. Nf4 Kh6 50. Nxd5 Bg7 51. Rd7 Bf8 52. Ne5 Kg7 53.
f4 Rh8 54. Ke2 Rh6 55. Kf3 Kg8 56. Rd8 Kg7 57. Nd7 Rh8 58. Nxf8 Nf5 59. e4 Nh4+
60. Kg3 Ng6 61. Nxg6 Rxd8 62. Nge7 Ra8 63. Kh4 Ra3 64. Nf5+ Kg6 65. Ng3 Ra4 66.
f5+ Kh6 67. Nf6 Ra3 68. Nfxh5 Ra6 69. Kg4 f6 70. h4 Kh7 71. Ne2 Kg8 72. Nef4
Kf7 73. Nd5 Ra1 74. Nhxf6 Rf1 75. h5 Rg1+ 76. Kf3 Rh1 77. e5 Rf1+ 78. Ke4 Re1+
79. Kd4 Rd1+ 80. Kc5 Kg7 81. e6 1-0

[Event "76. Campeonato de Alemania"]
[Site "Altenkirchen GER"]
[Date "2005.02.19"]
[Round "2.10"]
[White "Deglmann, Ludwig"]
[Black "Kritz, Leonid"]
[Result "0-1"]
[WhiteElo "2361"]
[BlackElo "2547"]
[PlyCount "64"]
[EventDate "2005.02.18"]
[EventType "swiss"]
[EventRounds "9"]
[EventCountry "GER"]
[Source "lmi"]
[SourceDate "2005.02.23"]

1. c4 e5 2. g3 Nf6 3. Bg2 d5 4. cxd5 Nxd5 5. Nf3 Nc6 6. d3 Be7 7. O-O O-O 8.
Nbd2 Be6 9. a3 a5 10. Qc2 Nd4 11. Nxd4 exd4 12. Nc4 a4 13. e4 dxe3 14. Nxe3 c5
15. Rb1 b5 16. Nxd5 Bxd5 17. Be3 Bb3 18. Qe2 Rc8 19. Bh3 Rc6 20. Rfe1 b4 21.
Bd2 Bd6 22. Qe4 Rb6 23. Rbc1 Rb8 24. axb4 cxb4 25. Qc6 a3 26. bxa3 bxa3 27. Bf5
a2 28. Bc3 Ba3 29. Re5 Bxc1 30. Bxh7+ Kxh7 31. Rh5+ Bh6 32. Bxg7 Be6 0-1

[Event "76. Campeonato de Alemania"]
[Site "Altenkirchen GER"]
[Date "2005.02.19"]
[Round "2.11"]
[White "Pajeken, Wolfgang"]
[Black "Prusikin, Michael"]
[Result "1/2-1/2"]
[WhiteElo "2354"]
[BlackElo "2540"]
[PlyCount "32"]
[EventDate "2005.02.18"]
[EventType "swiss"]
[EventRounds "9"]
[EventCountry "GER"]
[Source "lmi"]
[SourceDate "2005.02.23"]

1. d4 d5 2. c4 e6 3. Nc3 Be7 4. Nf3 Nf6 5. Bg5 h6 6. Bh4 O-O 7. e3 Ne4 8. Bxe7
Qxe7 9. Qc2 Nxc3 10. Qxc3 dxc4 11. Bxc4 b6 12. O-O Bb7 13. Be2 c5 14. dxc5 Rc8
15. b4 bxc5 16. bxc5 Nd7 1/2-1/2

[Event "76. Campeonato de Alemania"]
[Site "Altenkirchen GER"]
[Date "2005.02.19"]
[Round "2.13"]
[White "Schunk, Eduard"]
[Black "Hort, Vlastimil"]
[Result "1/2-1/2"]
[WhiteElo "2337"]
[BlackElo "2515"]
[PlyCount "84"]
[EventDate "2005.02.18"]
[EventType "swiss"]
[EventRounds "9"]
[EventCountry "GER"]
[Source "lmi"]
[SourceDate "2005.02.23"]

1. e4 c5 2. Nf3 e6 3. d3 Nc6 4. g3 g6 5. Bg5 Qb6 6. Nbd2 Qxb2 7. Nc4 Qg7 8. e5
f6 9. Bf4 b5 10. Nd6+ Bxd6 11. exd6 Bb7 12. Bg2 Nh6 13. Be3 Nf5 14. Bxc5 h5 15.
h3 Ne5 16. d4 Nc4 17. O-O a6 18. Re1 Rc8 19. Nd2 Ncxd6 20. a4 Bxg2 21. Kxg2
bxa4 22. Rxa4 Rc6 23. Nb3 Nb7 24. Ba3 d5 25. Qd3 Qd7 26. Rxa6 Rxa6 27. Qxa6 Kf7
28. Nc5 Nxc5 29. Bxc5 Rc8 30. Rb1 Rc6 31. Qa5 Kg8 32. Rb8+ Rc8 33. Rb6 Ng7 34.
Qa6 Kh7 35. Rb7 Rc7 36. Rb8 Qc6 37. Qa5 Rc8 38. Rb6 Qd7 39. Qa6 Rc7 40. Rb8 Qc6
41. Rb6 Qd7 42. Rb8 Qc6 1/2-1/2

[Event "76. Campeonato de Alemania"]
[Site "Altenkirchen GER"]
[Date "2005.02.19"]
[Round "2.14"]
[White "Sprenger, Jan Michael"]
[Black "Meier, Georg"]
[Result "1-0"]
[WhiteElo "2491"]
[BlackElo "2372"]
[PlyCount "117"]
[EventDate "2005.02.18"]
[EventType "swiss"]
[EventRounds "9"]
[EventCountry "GER"]
[Source "lmi"]
[SourceDate "2005.02.23"]

1. d4 e6 2. c4 Nf6 3. Nc3 Bb4 4. e3 c5 5. Bd3 Nc6 6. Nge2 O-O 7. O-O d5 8. cxd5
exd5 9. a3 cxd4 10. exd4 Bxc3 11. Nxc3 h6 12. Be3 Bg4 13. f3 Be6 14. Rc1 Re8
15. Re1 Rc8 16. Qc2 Rc7 17. b4 Bc8 18. Qf2 Rce7 19. Re2 Re6 20. Na4 Nd7 21.
Rce1 Qf6 22. Bb5 R8e7 23. Kf1 Nb6 24. Nxb6 axb6 25. g4 Bd7 26. Qg3 Qg6 27. Bf2
Rxe2 28. Rxe2 Qb1+ 29. Kg2 Rxe2 30. Bxe2 Qc2 31. Kf1 Qb1+ 32. Kg2 Qc2 33. Bb5
Ne5 34. Qxe5 Bxb5 35. Qb8+ Kh7 36. Qxb7 Bc4 37. Qxf7 Qc1 38. Qf5+ Kh8 39. Qf8+
Kh7 40. Qf5+ Kh8 41. a4 Qf1+ 42. Kg3 Qh1 43. Qc8+ Kh7 44. Qf5+ Kh8 45. Qc2 Bf1
46. Qc8+ Kh7 47. Qc2+ Kh8 48. Be3 Bc4 49. Qc1 Bf1 50. Qc8+ Kh7 51. Qc2+ Kh8 52.
Qf2 Kg8 53. Qg1 Qxg1+ 54. Bxg1 Kf7 55. Be3 Be2 56. a5 bxa5 57. bxa5 g5 58. f4
gxf4+ 59. Kxf4 1-0

[Event "76. Campeonato de Alemania"]
[Site "Altenkirchen GER"]
[Date "2005.02.19"]
[Round "2.16"]
[White "Schneider, Bernd"]
[Black "Solonar, Stephan"]
[Result "0-1"]
[WhiteElo "2293"]
[BlackElo "2393"]
[PlyCount "110"]
[EventDate "2005.02.18"]
[EventType "swiss"]
[EventRounds "9"]
[EventCountry "GER"]
[Source "lmi"]
[SourceDate "2005.02.23"]

1. d4 Nf6 2. Nf3 d6 3. c4 Nbd7 4. Nc3 g6 5. e4 e5 6. Be2 Bg7 7. O-O O-O 8. d5
Nc5 9. Qc2 a5 10. Ne1 Ne8 11. f4 exf4 12. Bxf4 f5 13. exf5 Bxf5 14. Qd2 Nf6 15.
Bf3 Nfe4 16. Nxe4 Bxe4 17. Bg5 Qd7 18. Be3 Qa4 19. Bxe4 Rxf1+ 20. Kxf1 Nxe4 21.
Qd3 Re8 22. b3 Qd7 23. Rc1 Qf5+ 24. Kg1 Ng3 25. Qxf5 gxf5 26. hxg3 Rxe3 27. Kf1
Be5 28. Kf2 Bd4 29. Kf1 Rxg3 30. Nf3 Be3 31. Rc2 Kf7 32. a3 Bc5 33. b4 axb4 34.
axb4 Bxb4 35. Rb2 Ba5 36. Rxb7 Kf6 37. Ra7 Bb6 38. Rb7 Rg7 39. Rb8 Rg4 40. Rf8+
Kg6 41. Rg8+ Kh5 42. Rf8 Kg6 43. Rg8+ Kf7 44. Rd8 Rxc4 45. Ng5+ Kf6 46. Nxh7+
Ke5 47. Rf8 Rf4+ 48. Ke1 Kxd5 49. Nf6+ Kc4 50. Nh5 Rg4 51. Rxf5 Rxg2 52. Nf6
Kd3 53. Rf1 Re2+ 54. Kd1 Be3 55. Nd5 Rb2 0-1

[Event "76. Campeonato de Alemania"]
[Site "Altenkirchen GER"]
[Date "2005.02.19"]
[Round "2.17"]
[White "Rabiega, Robert"]
[Black "Asendorf, Joachim"]
[Result "1-0"]
[WhiteElo "2539"]
[BlackElo "2282"]
[PlyCount "77"]
[EventDate "2005.02.18"]
[EventType "swiss"]
[EventRounds "9"]
[EventCountry "GER"]
[Source "lmi"]
[SourceDate "2005.02.23"]

1. e4 c5 2. c3 d5 3. exd5 Qxd5 4. d4 Nf6 5. Nf3 Bg4 6. dxc5 Qxc5 7. h3 Bd7 8.
Na3 e6 9. Be3 Qa5 10. Nc4 Qc7 11. Nfe5 b5 12. Qf3 bxc4 13. Nxd7 Nd5 14. Nxf8
Kxf8 15. Qe4 Nd7 16. Bxc4 N7f6 17. Qh4 Rb8 18. Bb3 h6 19. O-O Nxe3 20. fxe3 Ke7
21. Qf4 Rhc8 22. Rad1 Rb5 23. Rf2 Re5 24. Rd4 Rc5 25. Rfd2 Rf5 26. Qh4 Rg5 27.
Rc4 Rc5 28. Rxc5 Qxc5 29. Qd4 Qb6 30. Qxb6 axb6 31. Rd4 Nd7 32. Ba4 Nc5 33. Bb5
Rc7 34. Kf1 Ra7 35. a3 Rc7 36. Ke2 Nb7 37. Ra4 Kd6 38. Ra6 Kc5 39. c4 1-0

[Event "76. Campeonato de Alemania"]
[Site "Altenkirchen GER"]
[Date "2005.02.19"]
[Round "2.18"]
[White "Alber, Horst"]
[Black "Leiber, Bernhard"]
[Result "1/2-1/2"]
[WhiteElo "2387"]
[BlackElo "2230"]
[PlyCount "124"]
[EventDate "2005.02.18"]
[EventType "swiss"]
[EventRounds "9"]
[EventCountry "GER"]
[Source "lmi"]
[SourceDate "2005.02.23"]

1. d4 Nf6 2. c4 e6 3. Nf3 d5 4. Bg5 Be7 5. Nc3 O-O 6. e3 a6 7. Qc2 c5 8. dxc5
Nc6 9. a3 h6 10. Bh4 Qa5 11. Nd2 Qxc5 12. Nb3 Qb6 13. Rd1 Rd8 14. c5 Qc7 15.
Bg3 e5 16. Na4 Bg4 17. f3 Be6 18. Nb6 Rab8 19. Nd4 Rf8 20. b4 Rbe8 21. Nxc6
Qxc6 22. Bxe5 Nd7 23. Nxd7 Bxd7 24. Qc3 Bg5 25. f4 Bh4+ 26. Kd2 Bg4 27. Rc1 Bf2
28. Bd4 Re7 29. Qb3 Rfe8 30. Rc3 Re4 31. h3 Bd7 32. Bd3 Rxd4 33. exd4 Be3+ 34.
Kd1 Bxd4 35. Rc2 Qf6 36. Re1 Rd8 37. f5 Qc6 38. Kc1 Bf6 39. Kb1 Qc7 40. Rce2
Bc6 41. Rf1 d4 42. a4 Bd5 43. Qc2 Qd7 44. Rd1 Bc6 45. Qa2 Bxa4 46. Rde1 Bb5 47.
Qb3 Rb8 48. Rc1 Bc6 49. g4 Bf3 50. Rb2 Bd5 51. Bc4 Bc6 52. Qd3 Re8 53. Re2 Rxe2
54. Qxe2 Bg5 55. Rd1 Be3 56. Qxe3 dxe3 57. Rxd7 Bxd7 58. Kc2 Bc6 59. Kd3 e2 60.
Kxe2 Kf8 61. Ke3 Ke7 62. Kf4 f6 1/2-1/2

[Event "76. Campeonato de Alemania"]
[Site "Altenkirchen GER"]
[Date "2005.02.19"]
[Round "2.19"]
[White "Reuss, Andreas"]
[Black "Schmidt, Reiner"]
[Result "1-0"]
[WhiteElo "2370"]
[BlackElo "2183"]
[PlyCount "59"]
[EventDate "2005.02.18"]
[EventType "swiss"]
[EventRounds "9"]
[EventCountry "GER"]
[Source "lmi"]
[SourceDate "2005.02.23"]

1. e4 g6 2. d4 Bg7 3. Be3 d6 4. c3 Nc6 5. Bd3 e5 6. d5 Nb8 7. g4 Ne7 8. c4 O-O
9. Nc3 Na6 10. a3 Nc5 11. Bc2 a5 12. h3 f5 13. f3 c6 14. Bxc5 cxd5 15. Bf2 fxe4
16. Nxd5 exf3 17. Nxf3 Nxd5 18. Qxd5+ Kh8 19. O-O Bd7 20. Be4 Rf4 21. Nd2 Bh6
22. Bg3 Bc6 23. Qd3 Qb6+ 24. Bf2 Qc7 25. Be3 Raf8 26. Bxc6 Qxc6 27. Bxf4 Bxf4
28. b3 Re8 29. Rxf4 exf4 30. Qd4+ 1-0

[Event "76. Campeonato de Alemania"]
[Site "Altenkirchen GER"]
[Date "2005.02.19"]
[Round "2.20"]
[White "Schunk, Thomas"]
[Black "Muranyi, Karl-Jasmin"]
[Result "1-0"]
[WhiteElo "2280"]
[BlackElo "2365"]
[PlyCount "69"]
[EventDate "2005.02.18"]
[EventType "swiss"]
[EventRounds "9"]
[EventCountry "GER"]
[Source "lmi"]
[SourceDate "2005.02.23"]

1. c4 Nf6 2. Nc3 e5 3. g3 Bb4 4. Bg2 O-O 5. e4 d6 6. h3 a5 7. Nge2 Be6 8. d3
Qd7 9. f4 Qc8 10. f5 Bd7 11. O-O Bxc3 12. Nxc3 Kh8 13. g4 Nc6 14. Be3 Nd4 15.
Kh2 Qb8 16. a4 c6 17. g5 Ng8 18. Rc1 b5 19. axb5 cxb5 20. cxb5 Bxb5 21. Rf2 Rc8
22. f6 g6 23. Bxd4 exd4 24. Nd5 Qb7 25. Rxc8 Rxc8 26. Qb3 Bc6 27. Qxb7 Bxb7 28.
h4 h6 29. Kg3 Kh7 30. Kf4 Rc1 31. Bf3 Ba6 32. Rd2 Bc8 33. Bd1 Be6 34. Kf3 h5
35. Kg3 1-0

[Event "76. Campeonato de Alemania"]
[Site "Altenkirchen GER"]
[Date "2005.02.19"]
[Round "2.22"]
[White "Bischoff, Dieter"]
[Black "Ljubarskij, Juri"]
[Result "0-1"]
[WhiteElo "2145"]
[BlackElo "2348"]
[PlyCount "38"]
[EventDate "2005.02.18"]
[EventType "swiss"]
[EventRounds "9"]
[EventCountry "GER"]
[Source "lmi"]
[SourceDate "2005.02.23"]

1. d4 e6 2. c4 f5 3. Nf3 Nf6 4. Nc3 Be7 5. Qc2 d5 6. Bf4 c6 7. e3 O-O 8. Bd3
Ne4 9. g4 Bd6 10. Bxd6 Qxd6 11. Ne5 Nd7 12. f3 Nxc3 13. Nxd7 Bxd7 14. bxc3 dxc4
15. Bxc4 fxg4 16. f4 c5 17. Rg1 cxd4 18. cxd4 Rac8 19. Qe2 Qb4+ 0-1

[Event "76. Campeonato de Alemania"]
[Site "Altenkirchen GER"]
[Date "2005.02.20"]
[Round "3.1"]
[White "Baramidze, David"]
[Black "Graf, Alexander"]
[Result "0-1"]
[WhiteElo "2550"]
[BlackElo "2637"]
[PlyCount "48"]
[EventDate "2005.02.18"]
[EventType "swiss"]
[EventRounds "9"]
[EventCountry "GER"]
[Source "lmi"]
[SourceDate "2005.02.23"]

1. e4 e5 2. Nf3 Nc6 3. Bb5 a6 4. Ba4 Nf6 5. O-O Be7 6. Re1 b5 7. Bb3 O-O 8. a4
b4 9. a5 d5 10. exd5 e4 11. dxc6 exf3 12. Qxf3 Bg4 13. Qd3 Qxd3 14. cxd3 Bc5
15. Bc4 Rfe8 16. Re3 Bxe3 17. dxe3 Be6 18. Nd2 Bxc4 19. Nxc4 Rad8 20. Kf1 Rxd3
21. Ke2 Rd5 22. Ra4 b3 23. Bd2 Rc5 24. Na3 Re4 0-1

[Event "76. Campeonato de Alemania"]
[Site "Altenkirchen GER"]
[Date "2005.02.20"]
[Round "3.2"]
[White "Gustafsson, Jan"]
[Black "Luther, Thomas"]
[Result "1/2-1/2"]
[WhiteElo "2616"]
[BlackElo "2543"]
[PlyCount "21"]
[EventDate "2005.02.18"]
[EventType "swiss"]
[EventRounds "9"]
[EventCountry "GER"]
[Source "lmi"]
[SourceDate "2005.02.23"]

1. d4 e6 2. c4 Nf6 3. g3 d5 4. Nf3 dxc4 5. Bg2 Nc6 6. O-O Rb8 7. Nc3 Bb4 8. a3
Bxc3 9. bxc3 O-O 10. Qc2 Na5 11. Nd2 1/2-1/2

[Event "76. Campeonato de Alemania"]
[Site "Altenkirchen GER"]
[Date "2005.02.20"]
[Round "3.3"]
[White "Fish, Gennadij"]
[Black "Khenkin, Igor"]
[Result "0-1"]
[WhiteElo "2523"]
[BlackElo "2604"]
[PlyCount "70"]
[EventDate "2005.02.18"]
[EventType "swiss"]
[EventRounds "9"]
[EventCountry "GER"]
[Source "lmi"]
[SourceDate "2005.02.23"]

1. d4 Nf6 2. c4 e6 3. Nc3 Bb4 4. g3 O-O 5. Bg2 d5 6. Nf3 dxc4 7. O-O Nc6 8. Bg5
h6 9. Bxf6 Qxf6 10. e3 Rb8 11. Nd2 Na5 12. Qa4 Qe7 13. a3 Bxc3 14. bxc3 b6 15.
Rfd1 c5 16. dxc5 Qxc5 17. Ne4 Qc7 18. Rab1 Bb7 19. Rd7 Qe5 20. Qc2 Rbd8 21.
Rbd1 Bd5 22. f4 Qb8 23. Rxd8 Rxd8 24. Nf2 Bxg2 25. Kxg2 Nb3 26. e4 b5 27. Kf3
Kf8 28. Ke2 f6 29. e5 Rxd1 30. Qxd1 fxe5 31. Qd7 exf4 32. Ne4 Qe5 33. Qd8+ Kf7
34. Kf3 fxg3 35. hxg3 Nc5 0-1

[Event "76. Campeonato de Alemania"]
[Site "Altenkirchen GER"]
[Date "2005.02.20"]
[Round "3.4"]
[White "Jussupow, Artur"]
[Black "Sprenger, Jan Michael"]
[Result "1-0"]
[WhiteElo "2582"]
[BlackElo "2491"]
[PlyCount "37"]
[EventDate "2005.02.18"]
[EventType "swiss"]
[EventRounds "9"]
[EventCountry "GER"]
[Source "lmi"]
[SourceDate "2005.02.23"]

1. d4 Nf6 2. Nf3 e6 3. e3 c5 4. Bd3 d5 5. b3 Nbd7 6. Bb2 g6 7. O-O Bg7 8. c4
O-O 9. Nc3 b6 10. cxd5 Nxd5 11. Nxd5 exd5 12. Rc1 Bb7 13. Ba3 Rc8 14. Bb5 Bc6
15. Bxc6 Rxc6 16. b4 Qc7 17. dxc5 bxc5 18. bxc5 Nxc5 19. Nd4 1-0

[Event "76. Campeonato de Alemania"]
[Site "Altenkirchen GER"]
[Date "2005.02.20"]
[Round "3.5"]
[White "Handke, Florian"]
[Black "Schlosser, Philipp"]
[Result "1/2-1/2"]
[WhiteElo "2488"]
[BlackElo "2570"]
[PlyCount "58"]
[EventDate "2005.02.18"]
[EventType "swiss"]
[EventRounds "9"]
[EventCountry "GER"]
[Source "lmi"]
[SourceDate "2005.02.23"]

1. d4 Nf6 2. c4 e6 3. Nc3 Bb4 4. e3 O-O 5. Bd3 c5 6. Nf3 d5 7. O-O dxc4 8. Bxc4
cxd4 9. exd4 a6 10. Bg5 b5 11. Bb3 Bb7 12. Ne5 Nbd7 13. Qe2 Bxc3 14. bxc3 Qc7
15. Bxf6 Nxf6 16. Rfc1 Nd7 17. Nxd7 Qxd7 18. a4 Bd5 19. Bxd5 Qxd5 20. Qa2 Qc6
21. h3 Rfd8 22. axb5 axb5 23. Qb3 Rac8 24. Rab1 g6 25. Qxb5 Qxb5 26. Rxb5 Rxd4
27. Rb8 Rxb8 28. cxd4 Rd8 29. Rc4 Kg7 1/2-1/2

[Event "76. Campeonato de Alemania"]
[Site "Altenkirchen GER"]
[Date "2005.02.20"]
[Round "3.6"]
[White "Bischoff, Klaus"]
[Black "Meins, Gerlef"]
[Result "1/2-1/2"]
[WhiteElo "2555"]
[BlackElo "2440"]
[PlyCount "105"]
[EventDate "2005.02.18"]
[EventType "swiss"]
[EventRounds "9"]
[EventCountry "GER"]
[Source "lmi"]
[SourceDate "2005.02.23"]

1. e4 c5 2. g3 d5 3. exd5 Qxd5 4. Nf3 Bg4 5. Bg2 Qe6+ 6. Kf1 Bh3 7. b4 cxb4 8.
a3 b3 9. Nc3 Nf6 10. Rb1 g6 11. Rxb3 b6 12. Nd4 Qg4 13. Qxg4 Bxg2+ 14. Kxg2
Nxg4 15. Nd5 Na6 16. Bb2 O-O-O 17. Nb4 Nc5 18. Nbc6 Nxb3 19. Nxb3 Nf6 20. Nxd8
Kxd8 21. Nd4 Kd7 22. Nf3 Bg7 23. Ne5+ Ke8 24. Nc6 Kd7 25. Nxa7 Ra8 26. Nb5 Nh5
27. Rb1 Bxb2 28. Rxb2 e5 29. Nc3 Kc6 30. a4 Nf6 31. Rb4 Nd7 32. f4 f6 33. fxe5
fxe5 34. Rh4 h5 35. g4 Nf6 36. gxh5 Nxh5 37. Rc4+ Kb7 38. Ne2 Nf6 39. d3 Rd8
40. Nc3 Nh5 41. Ne2 Nf6 42. Ng3 Rf8 43. Kf3 g5 44. Ne4 Nd5+ 45. Kg3 Ne3 46.
Nd6+ Ka6 47. Re4 Nxc2 48. Nc4 Nb4 49. Nxe5 Ka5 50. d4 Nd5 51. Nc4+ Kxa4 52. Re5
Kb4 53. Rxd5 1/2-1/2

[Event "76. Campeonato de Alemania"]
[Site "Altenkirchen GER"]
[Date "2005.02.20"]
[Round "3.7"]
[White "Kritz, Leonid"]
[Black "Breutigam, Martin"]
[Result "1/2-1/2"]
[WhiteElo "2547"]
[BlackElo "2403"]
[PlyCount "74"]
[EventDate "2005.02.18"]
[EventType "swiss"]
[EventRounds "9"]
[EventCountry "GER"]
[Source "lmi"]
[SourceDate "2005.02.23"]

1. e4 e6 2. d4 d5 3. Nc3 Nf6 4. Bg5 Be7 5. e5 Ne4 6. Bxe7 Qxe7 7. Bd3 Nxc3 8.
bxc3 b6 9. Qg4 g6 10. a4 Ba6 11. h4 Bxd3 12. cxd3 h5 13. Qf4 Nc6 14. Nf3 Na5
15. O-O Rc8 16. c4 dxc4 17. dxc4 Nxc4 18. Ng5 c6 19. Ne4 Kf8 20. Rfc1 Na5 21.
Rc3 Kg7 22. Rac1 Rcd8 23. Nf6 c5 24. dxc5 bxc5 25. Rxc5 Nb3 26. Rc7 Nxc1 27.
Rxc1 Rc8 28. Nxh5+ Rxh5 29. Rxc8 Qxh4 30. Qxh4 Rxh4 31. a5 Ra4 32. Rc5 g5 33.
Kh2 Kg6 34. Kh3 Kf5 35. Rc7 Ra3+ 36. g3 g4+ 37. Kg2 Rxa5 1/2-1/2

[Event "76. Campeonato de Alemania"]
[Site "Altenkirchen GER"]
[Date "2005.02.20"]
[Round "3.8"]
[White "Henrichs, Thomas"]
[Black "Rabiega, Robert"]
[Result "1/2-1/2"]
[WhiteElo "2407"]
[BlackElo "2539"]
[PlyCount "42"]
[EventDate "2005.02.18"]
[EventType "swiss"]
[EventRounds "9"]
[EventCountry "GER"]
[Source "lmi"]
[SourceDate "2005.02.23"]

1. d4 d5 2. c4 Nc6 3. Nf3 Bg4 4. Nc3 Bxf3 5. gxf3 e6 6. cxd5 exd5 7. Bf4 Bd6 8.
Nxd5 Bxf4 9. Nxf4 Qxd4 10. Qxd4 Nxd4 11. O-O-O Rd8 12. e3 Ne6 13. Rxd8+ Kxd8
14. Nxe6+ fxe6 15. Rg1 g6 16. Bc4 Ke7 17. Rg5 Kd6 18. Ra5 a6 19. Ra3 Nf6 20.
Rd3+ Ke7 21. Rb3 b5 1/2-1/2

[Event "76. Campeonato de Alemania"]
[Site "Altenkirchen GER"]
[Date "2005.02.20"]
[Round "3.9"]
[White "Prusikin, Michael"]
[Black "Reuss, Andreas"]
[Result "1-0"]
[WhiteElo "2540"]
[BlackElo "2370"]
[PlyCount "75"]
[EventDate "2005.02.18"]
[EventType "swiss"]
[EventRounds "9"]
[EventCountry "GER"]
[Source "lmi"]
[SourceDate "2005.02.23"]

1. d4 c6 2. c4 d5 3. Nf3 Nf6 4. e3 Bf5 5. Nc3 e6 6. Bd3 Bxd3 7. Qxd3 Bb4 8. O-O
O-O 9. b3 Bxc3 10. Qxc3 Ne4 11. Qc2 Qa5 12. Ne5 f6 13. Nd3 Nd7 14. f3 Ng5 15.
Bd2 Qb6 16. Rac1 Rfe8 17. Kh1 Rad8 18. Be1 Nf7 19. Bf2 e5 20. cxd5 cxd5 21.
dxe5 Ndxe5 22. Nf4 Nc6 23. Rfd1 Qa5 24. Qd2 Nb4 25. Nd3 Nxd3 26. Qxa5 Nxf2+ 27.
Kg1 Nxd1 28. Rxd1 Rxe3 29. Qxa7 Re7 30. Qb6 h5 31. a4 Red7 32. f4 d4 33. Rd3
Nh6 34. b4 Ng4 35. h3 Ne3 36. a5 h4 37. b5 Nd5 38. Qe6+ 1-0

[Event "76. Campeonato de Alemania"]
[Site "Altenkirchen GER"]
[Date "2005.02.20"]
[Round "3.10"]
[White "Ljubarskij, Juri"]
[Black "Meister, Jakob"]
[Result "0-1"]
[WhiteElo "2348"]
[BlackElo "2519"]
[PlyCount "72"]
[EventDate "2005.02.18"]
[EventType "swiss"]
[EventRounds "9"]
[EventCountry "GER"]
[Source "lmi"]
[SourceDate "2005.02.23"]

1. e4 c5 2. Nc3 g6 3. f4 Bg7 4. Nf3 Nc6 5. Bb5 Nd4 6. a4 b6 7. d3 Bb7 8. O-O e6
9. Nxd4 cxd4 10. Ne2 Ne7 11. Ng3 Qc7 12. Bd2 a6 13. Bc4 d5 14. Bb3 dxe4 15.
dxe4 h5 16. Qe2 h4 17. Nh1 h3 18. g4 Qc6 19. Ng3 Bf6 20. g5 d3 21. cxd3 Bxb2
22. Ra2 Bd4+ 23. Kh1 Qd7 24. Rc2 Nc6 25. Rfc1 Rd8 26. Bc4 Bc5 27. Qf1 Nd4 28.
Bc3 Nxc2 29. Bxh8 Ne3 30. Qxh3 Nxc4 31. dxc4 Qxa4 32. Qf1 Rd2 33. Bf6 Qb3 34.
Bc3 Rc2 35. Rxc2 Qxc2 36. Qe1 Bf2 0-1